000 00526nam a2200181Ia 4500
005 20250326130901.0
008 250326s9999 xx 000 0 und d
037 _aTextbook
040 _aFMSL
_beng
_cFMSL
041 _aeng
_2eng
084 _aX:87 M5
_qFMSL
100 _aJosefowitz N
_9741650
245 0 _aPeople management: how to be an effective leader in the workplace
_cJosefowitz N
260 _aLondon
_bLondon, Columbus
_c1985
300 _a271p
942 _cTB
_hX:87 M5
999 _c1284527
_d1284527